000 01853cam a2200469 a 4500
001 1090255
003 OSt
005 20251119100045.0
008 920902s1993 nyua j 000 1 eng
010 _a 92050665
020 _a0679824243 (trade) :
_c$2.99 ($3.99 Can.)
020 _a9780590629843
020 _a0590629840
_q(lib. ed.)
035 _a1090255
040 _aDLC
_cDLC
_dDLC
042 _alcac
050 0 0 _aPZ7.O81167
_bMr 1993
082 0 0 _a[Fic]
_220
100 1 _aOsborne, Mary Pope.
245 1 0 _aMummies in the morning /
_cby Mary Pope Osborne ; illustrated by Sal Murdocca.
260 _aNew York :
_bRandom House,
_cc1993.
300 _a64 p. :
_bill. ;
_c20 cm.
336 _atext
_btxt
_2rdacontent
337 _aunmediated
_bn
_2rdamedia
338 _avolume
_bnc
_2rdacarrier
490 1 _aThe Magic tree house series ;
_v#3
500 _a"A First stepping stone book."
520 _aJack and his younger sister take a trip in their tree house back to ancient Egypt, where they help a queen's mummy continue her voyage to the Next Life.
521 0 _a"RL:2.0"--P. [4] of cover.
521 1 _a"006-009"--P. [4] of cover.
650 1 _aTime travel
_xFiction.
650 1 _aMummies
_xFiction.
650 1 _aMagic
_xFiction.
650 1 _aTree houses
_xFiction.
800 1 _aOsborne, Mary Pope.
_tMagic tree house series ;
_v#3.
856 4 2 _3Contributor biographical information
_uhttp://www.loc.gov/catdir/bios/random051/92050665.html
856 4 2 _3Publisher description
_uhttp://www.loc.gov/catdir/description/random041/92050665.html
906 _a7
_bcbc
_corignew
_d1
_eocip
_f19
_gy-gencatlg
942 _2lcc
_cBK
999 _c265258
_d265257